Analýza uplatňovania marketingových stratégií zameraných na zákazníka vo vybraných podnikoch služieb na Slovensku dizertačná práca

Gespeichert in:
Bibliographische Detailangaben
1. Verfasser: Würfl, Benjamín
Körperschaft: Ekonomická univerzita v Bratislave. Fakulta podnikového manažmentu
Weitere Verfasser: Tršťanská, Alena
Format: Buch
Sprache:Slowakisch
Veröffentlicht: Bratislava 2007
Schlagworte:
Tags: Tag hinzufügen
Keine Tags, Fügen Sie das erste Tag hinzu!

MARC

LEADER 00000nam$a2200000$$$4500
001 0090506
005 20240109071104.8
041 0 |a slo 
044 |a SK 
245 1 0 |a Analýza uplatňovania marketingových stratégií zameraných na zákazníka vo vybraných podnikoch služieb na Slovensku  |b dizertačná práca  |c Benjamín Würfl ; škol. Alena Tršťanská 
264 1 |a Bratislava  |c 2007 
300 |a 167 s. 
610 2 0 |a stratégia marketingová 
610 2 0 |a analýzy 
610 2 0 |a zákazníci 
610 2 0 |a podnik 
610 2 0 |a služby 
610 2 0 |a Slovensko 
100 1 |a Würfl, Benjamín 
700 1 |a Tršťanská, Alena 
710 2 |a Ekonomická univerzita v Bratislave. Fakulta podnikového manažmentu